00310nam a22001217a 4500020001500000082001200015100001600027245002700043250005700070260003100127300000800158650002200166 a0671440012 a823 IRV aIrving John aSetting Free The Bears aImagine a Mixture Of Till Eulenspiegel and Ken Kesey aU.S.AbPocket Books c1968 a340 aEnglish - Fiction